Gaming Quiz

Random Gaming Quiz

Hearthstone Blackrock Mountain Cards Quiz Stats

Quiz not verified by Sporcle

Also try: Skylander Elements
Challenge
Share
Tweet
Embed
Score 0/31 Timer 10:00
0 Plays Today
Rarity Cards % Correct
LegendaryNefarian
100%
LegendaryMajordomo Executus
93%
LegendaryEmperor Thaurissan
91.2%
LegendaryRend Blackhand
87.7%
LegendaryChromaggus
84.2%
RareDragon Consort
77.2%
RareGrim Patron
77.2%
CommonDragon's Breath
75.4%
CommonBlackwing Technician
75.4%
RareFlamewaker
75.4%
CommonQuick Shot
75.4%
CommonBlackwing Corruptor
66.7%
CommonGang Up
63.2%
RareResurrect
63.2%
RareVolcanic Lumberer
59.6%
CommonSolemn Vigil
59.6%
Rarity Cards % Correct
CommonDruid of the Flame
59.6%
RareLava Shock
59.6%
CommonImp Gang Boss
57.9%
CommonAxe Flinger
56.1%
RareCore Rager
56.1%
CommonFireguard Destroyer
54.4%
RareRevenge
54.4%
RareDragon Egg
52.6%
CommonDrakonid Crusher
50.9%
CommonVolcanic Drake
47.4%
RareDark Iron Skulker
47.4%
CommonTwilight Welp
47.4%
CommonDragonkin Sorcerer
45.6%
RareDemonwrath
45.6%
CommonHungry Dragon
31.6%

You're not logged in!

Compare scores with friends on all Sporcle quizzes.
Join for Free
OR
Log In

You Might Also Like...

Show Comments

Extras

Created Jul 4, 2015ReportNominate
Tags:flavor, hearthstone, text

Top Quizzes Today


Score Distribution

Your Account Isn't Verified!

In order to create a playlist on Sporcle, you need to verify the email address you used during registration. Go to your Sporcle Settings to finish the process.

Report this User

Report this user for behavior that violates our Community Guidelines.

Details: